Total Quality Management/ (Record no. 201185)

MARC details
000 -LEADER
fixed length control field 00568nam a22001937a 4500
005 - DATE AND TIME OF LATEST TRANSACTION
control field 20240301143153.0
010 ## - LCCN (DPL NO)
LC control number ENG-139519
020 ## - INTERNATIONAL STANDARD BOOK NUMBER
Terms of availability 295.00
International Standard Book Number 9789380502953
035 ## - SYSTEM CONTROL NUMBER
System control number EN-123051
037 ## - SOURCE OF ACQUISITION
Source of stock number/acquisition DBAD/PUB
082 ## - DEWEY DECIMAL CLASSIFICATION NUMBER
Classification number 658.562
100 ## - MAIN ENTRY--PERSONAL NAME
Personal name Tondon Sandeep
245 ## - TITLE STATEMENT
Title Total Quality Management/
Medium English
260 ## - PUBLICATION, DISTRIBUTION, ETC. (IMPRINT)
Place of publication, distribution, etc Daryaganj
Name of publisher, distributor, etc KW Publishers Pvt Ltd
270 ## - ADDRESS
City NewDelhi
Address 4676/21 , First Floor , Ansari Road
Postal code 110002
300 ## - PHYSICAL DESCRIPTION
Extent 87p.
Dimensions 23cm(pbk)
700 ## - ADDED ENTRY--PERSONAL NAME
Personal name Anuradha Thakur
9 (RLIN) 62682
942 ## - ADDED ENTRY ELEMENTS (KOHA)
Source of classification or shelving scheme Dewey Decimal Classification
Item type English Books
Classification part 658.562
Call number suffix TON
Holdings
Withdrawn status Lost status Not for loan Collection code Home library Current library Date acquired Source of acquisition Cost, normal purchase price Full call number Barcode Copy number Cost, replacement price Koha item type
      Non-fiction Bawana Bawana 01/03/2024 DBAD 295.00 658.562 TON EN-123051 1 295.00 English Books

© Delhi Public Library
Hit Counter
free hit counter